| 000 | 00584nam a2200169 a 4500 | ||
|---|---|---|---|
| 001 | 000040837 | ||
| 005 | 20201002034421.0 | ||
| 008 | 130909s1996 sp 000 0 spa d | ||
| 020 | _a8440662785 | ||
| 040 |
_aDO-SdBNP _bspa _cBNPHU |
||
| 100 | 1 |
_aRedfield, James _967256 |
|
| 245 | 1 | 4 |
_aLas nueve Revelaciones : _bManual / _cJames Redfield, Carol Adrienne ; traductor Jordi Gubern. |
| 260 |
_aBarcelona : _bEdiciones B, _c1996. |
||
| 300 |
_a320 p. ; _c24 cm. |
||
| 500 | _aIncluye datos biográficos de los autores en la solapa de la cubierta | ||
| 700 | 1 |
_aJordi, Gubern, _etrad. _967257 |
|
| 999 |
_c40327 _d40327 |
||